Avaluació del programa Velocirepte : edició 2018 / edició 2018 /
MARC
| LEADER | 00000nam a2200000 a 4500 | ||
|---|---|---|---|
| 001 | 25968 | ||
| 005 | 20260324181124.0 | ||
| 008 | 220616b spa||||| |||| 00| 0 cat d | ||
| 080 | |a Bib-683 | ||
| 100 | |9 53084 |a Orte, Andreu |e autor | ||
| 245 | 1 | 0 | |a Avaluació del programa Velocirepte : |b edició 2018 / |c autors: Andreu Orte [i 3 més] |
| 264 | 1 | |a [Barcelona] : |b Diputació de Barcelona, |c juny de 2019 | |
| 300 | |a 99 pàgines : |b il·lustracions en color ; |c 30 cm | ||
| 336 | |a text |b txt |2 rdacontent | ||
| 337 | |a sense mediació |b n |2 rdamedia | ||
| 338 | |a volum |b nc |2 rdacarrier | ||
| 504 | |a Inclou referències bibliogràfiques | ||
| 650 | 0 | |a Lectura |2 Arxiu |9 46071 |x Animació |x Barcelona (Província) | |
| 650 | 0 | |a Lectura |9 53502 |x Animació |z Barcelona (Província) |x Avaluació | |
| 650 | 0 | |a Biblioteques públiques |z Barcelona (Província) |9 53501 |x Avaluació | |
| 710 | 1 | |a Barcelona (Catalunya : Província). |b Gerència de Serveis de Biblioteques |9 52661 | |
| 710 | |a Barcelona (Catalunya : Província). |b Servei de Planificació i Avaluació |9 53503 | ||
| 940 | |a BC | ||
| 942 | |2 udc |c ARXIU |n 1 | ||
| 952 | |0 0 |1 0 |4 0 |6 BIB683 |7 1 |9 62433 |a Arxiu |b Arxiu |d 2022-06-16 |l 0 |o Bib-683 |p 25968 |r 2022-06-16 00:00:00 |w 2022-06-16 |y ARXIU | ||
| 999 | |c 82071 |d 82071 | ||